Tropical soil biology and fertility: A handbook of methods (Record no. 40475)

MARC details
000 -LEADER
fixed length control field 00648nam a2200241Ia 4500
082 ## - DEWEY DECIMAL CLASSIFICATION NUMBER
Classification number 631.42(035)
Item number AND
245 #0 - TITLE STATEMENT
Title Tropical soil biology and fertility: A handbook of methods
250 ## - EDITION STATEMENT
Edition statement Ed.2
260 ## - PUBLICATION, DISTRIBUTION, ETC. (IMPRINT)
Place of publication UK
Name of publisher CAB
Year of publication 1993
650 ## - SUBJECT ADDED ENTRY--TOPICAL TERM
Topical Term Isotopes
650 ## - SUBJECT ADDED ENTRY--TOPICAL TERM
Topical Term Litter decomposition
650 ## - SUBJECT ADDED ENTRY--TOPICAL TERM
Topical Term Lysimetry
650 ## - SUBJECT ADDED ENTRY--TOPICAL TERM
Topical Term Mycorrhizas
650 ## - SUBJECT ADDED ENTRY--TOPICAL TERM
Topical Term Phosphorus cycle
650 ## - SUBJECT ADDED ENTRY--TOPICAL TERM
Topical Term Plant available water capacity
650 ## - SUBJECT ADDED ENTRY--TOPICAL TERM
Topical Term Soil analysis
650 ## - SUBJECT ADDED ENTRY--TOPICAL TERM
Topical Term Synchrony expeiment
650 ## - SUBJECT ADDED ENTRY--TOPICAL TERM
Topical Term Xylem solute technique
700 ## - ADDED ENTRY--PERSONAL NAME
Personal name Anderson, J M
700 ## - ADDED ENTRY--PERSONAL NAME
Personal name Ingram, J S I
942 ## - ADDED ENTRY ELEMENTS (KOHA)
Koha item type Books
Holdings
Withdrawn status Lost status Damaged status Not for loan Home library Current library Date acquired Cost, normal purchase price Full call number Accession Number Koha item type
        RRII Library RRII Library 16/12/2021 19.95 631.42(035) AND 20774 Books